000 01185cam a2200361 4500
001 5626
005 20181127175912.0
008 150218s2015 ii ab b 001 0beng
010 _a 2014362312
020 _a0199457425 (v. 1)
020 _a0199457433 (v. 2)
020 _a0199457441 (v. 3)
020 _a019945745X (set)
020 _a9780199457427 (v. 1)
020 _a9780199457434 (v. 2)
020 _a9780199457441 (v. 3)
020 _a9780199457458 (set)
042 _alcode
_apcc
043 _aa-ii---
100 1 _aGopal, Sarvepalli,
_eauthor.
245 1 0 _aJawaharlal Nehru :
_ba biography /
_cSarvepalli Gopal.
264 1 _aNew Delhi :
_bOxford University Press,
_c2015.
300 _a3 volumes :
_billustrations, maps ;
_c23 cm
336 _astill image
_bsti
_2rdacontent
336 _atext
_btxt
_2rdacontent
337 _aunmediated
_bn
_2rdamedia
338 _avolume
_bnc
_2rdacarrier
505 _av.1. 1889-1947 -- v.2. 1947-1956 -- v.3. 1956-1964.
_g
_r
_t
600 1 0 _aNehru, Jawaharlal,
_d1889-1964.
650 0 _aPrime ministers
_zIndia
_vBiography.
650 0 _aStatesmen
_zIndia
_vBiography.
651 0 _aIndia
_xPolitics and government
_y20th century.
999 _c4744
_d4744